Score 0/30 Timer 15:00
0 Plays Today
% Correct
1000
90.2%
Globaliseringsoptimistar
88.3%
Militær makt og økonomisk makt
87.6%
Globaliseringsskeptikarar
87.1%
Borgarkrigar
86.2%
USA
85.9%
Martyrdød
85.4%
Mellomstatlege krigar
82.9%
Konvensjonelle våpen
82.6%
Nasjonalstat
82.1%
Globalisering
81.9%
Kurdarane
81.9%
Biologiske og kjemiske våpen
81.9%
Terrorisme
81.2%
NATO
81.2%
% Correct
Transnasjonale selskap
80.3%
Kulturell einsretting
79.8%
Sovjetunionen
79.4%
Toll
78.7%
Makt
78.7%
EØS
77.9%
Masseøydeleggingsvåpen
77.7%
Etnisk gruppe
77.5%
Militærallianse
77.4%
Ein stat
77.2%
Sosial dumping
76.5%
Lågkostland
72.6%
Sikkerheitspolitikk
70.4%
Kollektiv tryggleik
70%
Ein nasjon
66%
Remove Ads.
Support Sporcle.
Get the best of Sporcle when you Go Orange. This ad-free experience offers more features, more stats, and more fun while also helping to support Sporcle. Thank you for becoming a member.

You're not logged in!

Compare scores with friends on all Sporcle quizzes.
OR
Log In

Show Comments

Extras

Created Mar 29, 2019ReportNominate
Tags:Svar

Top Quizzes Today


Score Distribution

Your Account Isn't Verified!

In order to create a playlist on Sporcle, you need to verify the email address you used during registration. Go to your Sporcle Settings to finish the process.

Report this User

Report this user for behavior that violates our Community Guidelines.

Details: